000 00992cam a2200289 4500
001 1568
003 BD-RjUL
005 20211208233348.0
008 140302s1973 nyu bd 000 0 eng
020 _a0080170390
035 _a(BD-RjUL)1593
040 _aDLC
_cDLC
_d(BD-RjUL)
_beng
041 1 _aengfre
082 0 0 _a155.41303
_219
_bBAP
100 1 _aBattro, Antonio M.
_95182
245 1 0 _aPiaget: dictionary of terms /
_c[by] Antonio M. Battro. Pref. by Jean Piaget. Translated and edited by Elizabeth Rütschi-Herrmann and Sarah F. Campbell.
260 _aNew York,
_bPergamon Press
_cc1973
300 _axiv, 186 p.
_c24 cm.
500 _aTranslation of Dictionnaire d' épistémologie génétique.
504 _aBibliography: p. ix-xiv.
650 0 _aCognition
_xDictionaries.
_95183
650 0 _aKnowledge, Theory of
_xDictionaries.
_95184
942 _2ddc
_cBK
999 _c1568
_d1568